Markov decision processes : discrete stochastic dynamic programming
Αποθηκεύτηκε σε:
| Κύριος συγγραφέας: | |
|---|---|
| Μορφή: | Βιβλίο |
| Γλώσσα: | English |
| Δημοσίευση: |
New York :
Wiley,
c1994 c2005.
|
| Σειρά: | Wiley series in probability and mathematical statistics. Applied probability and statistics
Wiley series in probability and statistics |
| Θέματα: | |
| Ετικέτες: |
Προσθήκη ετικέτας
Δεν υπάρχουν, Καταχωρήστε ετικέτα πρώτοι!
|
MARC
| LEADER | 00000nam a2200000 i 4500 | ||
|---|---|---|---|
| 001 | 1/25756 | ||
| 008 | 020713r19942005nju ||| eng|| | ||
| 020 | |a 0471619779 | ||
| 020 | |a 0471727822 | ||
| 020 | |a 9780471727828 | ||
| 035 | |l 10068123 | ||
| 040 | |a GR-MY-UA |b gre |e aacr | ||
| 041 | 0 | |a eng | |
| 082 | 0 | |a 519.542 | |
| 100 | 1 | |a Puterman, Martin L. | |
| 245 | 1 | 0 | |a Markov decision processes : |b discrete stochastic dynamic programming / |c Martin L. Puterman. |
| 260 | |a New York : |b Wiley, |c c1994 |c c2005. | ||
| 300 | |a xvii, 649 σ. : |b εικ. ; |c 25 εκ. | ||
| 490 | 1 | |a Wiley series in probability and mathematical statistics. Applied probability and statistics | |
| 490 | 1 | |a Wiley series in probability and statistics | |
| 500 | |a "A Wiley-Interscience publication." | ||
| 500 | |a Το Παράρτημα Χίου και το c.3 του Παραρτήματος Σάμου είναι ανατύπωση 2005. | ||
| 504 | |a Περιέχει βιβλιογραφικές αναφορές και ευρετήριο. | ||
| 650 | 0 | 0 | |a Markov processes. |
| 650 | 0 | 0 | |a Statistical decision. |
| 650 | 0 | 0 | |a Dynamic programming. |
| 830 | 0 | |a Wiley series in probability and mathematical statistics. Applied probability and statistics | |
| 830 | 0 | |a Wiley series in probability and statistics | |
| 852 | |a INST |b CHIOS |e 20070823 |h 519.542 PUT |p 005200025781 |q 005200025781 |t BK |y 0 | ||
| 852 | |a INST |b SAMOS |e 20020713 |h 519.542 PUT |p 005300020037 |q 005300020037 |t BK |y 0 | ||
| 852 | |a INST |b SAMOS |e 20110112 |h 519.542 PUT |p 005300033076 |q 005300033076 |t BK |y 0 | ||
| 852 | |a INST |b SAMOS |e 20151223 |h 519.542 PUT |p 005300043179 |q 005300043179 |t BK |y 0 | ||
| 901 | |a BIBL3-2011-1 | ||
| 901 | |a BIBL3-2002-2 | ||
| 901 | |a BIBL2-2007-2 | ||
| 909 | |a Σ |b 166797 | ||
| 909 | |a Σ |b 102297 | ||
| 909 | |a Χ |b 136947 | ||
| 922 | |a 3ΕΛΗ |b 201011 |c ΤΜΗΜΑ ΜΑΘΗΜΑΤΙΚΩΝ |d ΜΙΧΑΛΟΠΟΥΛΟΣ | ||
| 922 | |a 2ΕΛΗ |b 200707 |c ΕΠΕΑΕΚ2/ΤΜΟΔ |d ΠΑΠΑΣΩΤΗΡΙΟΥ | ||
| 922 | |a 3ΕΛΗ |b 200202 |c ΤΣΑΕ |d ΠΑΠΑΣΩΤΗΡΙΟΥ | ||
| 950 | |a 184-2002-02-19 | ||
| 970 | |a ΚΟΣΙΕΡΗΣ |b ΧΡΗΣΤΟΣ |z 2002/07/17 | ||